Teoría impura del derecho: la transformación de la cultura jurídica latinoamericana
Shranjeno v:
| Glavni avtor: | |
|---|---|
| Format: | Knjiga |
| Jezik: | španščina |
| Izdano: |
Bogotá
Legis
2004
|
| Izdaja: | 1a. ed |
| Serija: | Literatura Jurídica
|
| Teme: | |
| Oznake: |
Označite
Brez oznak, prvi označite!
|
MARC
| LEADER | 00000nam a2200000 a 4500 | ||
|---|---|---|---|
| 001 | UCL9649 | ||
| 003 | CL-VaPUC | ||
| 008 | 040820e20040000CK |||||||||||||||||spa|d | ||
| 020 | |a 9586533670 | ||
| 082 | 0 | 4 | |a 340.1 |b LOP |2 21 |
| 100 | |a López Medina, Diego Eduardo |e autor |9 561334 | ||
| 245 | 1 | 0 | |a Teoría impura del derecho: la transformación de la cultura jurídica latinoamericana |
| 250 | |a 1a. ed | ||
| 300 | |a 480 p | ||
| 942 | |c BK | ||
| 945 | |d 20040820 00:00:00 |a cmena | ||
| 260 | |a Bogotá |b Legis |c 2004 | ||
| 650 | 0 | |a Teoría del derecho |9 255982 | |
| 650 | 0 | |a Filosofía del derecho |9 255050 | |
| 650 | 0 | |a Historia del derecho |9 255109 | |
| 651 | 0 | |a América Latina |9 255027 | |
| 583 | |a last modification |c 20040820 00:00:00 |k Rodrigo Vera | ||
| 490 | 0 | |a Literatura Jurídica | |
| 999 | |c 310366 |d 310364 | ||
| 952 | |0 0 |1 0 |4 0 |6 340_100000000000000_LOP_2004 |7 0 |8 A |9 378699 |a BIBDER |b BIBDER |d 2019-11-21 |i 4049330 |o 340.1 LOP 2004 |p 4049330 |r 2023-01-25 |w 2019-11-21 |y BK |k DER | ||